000 00289nam a22001337a 4500
008 170420b xxu||||| |||| 00| 0 eng d
020 _a9780077280116
041 _aeng
080 _211TH
_a573
100 _a11
101 _aSHM
245 _aHUMAN BIOLOGY
_cMADER, S.S
942 _2udc
_cBK
999 _c11345
_d11345